Days of the Week in Japanese - Statistics

General Stats
  • This quiz has been taken 147 times
  • The average score is 5 of 7
Answer Stats
English Japanese % Correct
Monday Getsuyō
90%
Friday Kin'yōbi
66%
Wednesday Suiyōbi
66%
Saturday Doyōbi
65%
Tuesday Kayōbi
63%
Thursday Mokuyōbi
61%
Sunday Nichiyōbi
61%
No matching quizzes found
Score Distribution
Percent of People with Each Score
Percentile by Number Answered
Your Score History
You have not taken this quiz